00473 a2200157 4500003000500000005001700005020001500022040000900037082001200046100001600058245004700074260003700121300000900158505013400167650001400301Nust20221125115901.0 a0861014952 cNust a520,BRI aJones,Brian aDiscovery guide Night Sky / cBrian. Jones aNew YorkbSalamander Bookc1990. a59:p aIntroduction (Page-6), The Solar Systems (Page-10), The Stars (Page-34), Other Deep Sky Objects (Page-46), Star Charts (Page-54). aNight Sky